01094nam a2200277 i 4500001000300000245015700003260003400160300004200194490008200236500005000318504006600368650002700434650002900461650003500490650002500525650001200550650002600562650003000588700004200618830007100660040000800731041001900739080000800758080000900766008004100775bg00aMetrologia w technikach wytwarzania maszyn Kielce'97 :bVII konferencja naukowo-techniczna.nT. 2 /c[Kom. Org. Stanisław Adamczak (przewodn.) et al.]. aKielce :bWydaw. PŚ,c1997. a409 s. :bfot., rys., wykr. ;c24 cm.1 aZeszyty Naukowe / Politechnika Świętokrzyska. Mechanika,x0239-4979 ;v63 aTekst część. w jęz. ang., niem., pol. aBibliogr., streszcz., summ., Zsfassung., przy ref. - Indeksy. 4aDiagnostyka techniczna 4aInżynieria powierzchni 4aJakość wyrobówxkontrola 4aMaszynyxtechnologia 4aPomiary 4aPrzyrządy pomiarowe 4aPodręczniki akademickie1 aADAMCZAK, Stanisławd(1948- ).eRed. 0aZeszyty Naukowe (Politechnika Świętokrzyska).pMechanika ;v63 cBPK0 adeenplbdeenpl a621 a(06) s pl f |000 0 pol